The development of the European nations, 1870-1914, (Record no. 553423)
[ view plain ]
| 000 -LEADER | |
|---|---|
| fixed length control field | 00502nam a22001452 4500 |
| 082 ## - DEWEY DECIMAL CLASSIFICATION NUMBER | |
| Classification number | 940.287 |
| Author Mark | ROS |
| 100 1# - MAIN ENTRY--PERSONAL NAME | |
| Personal name | Rose, J. Holland |
| 9 (RLIN) | 49417 |
| 245 04 - TITLE STATEMENT | |
| Title | The development of the European nations, 1870-1914, |
| Statement of responsibility, etc. | by J. Holland Rose. |
| 250 ## - EDITION STATEMENT | |
| Edition statement | 5th ed., with new preface and three supplementary chapters. |
| 260 ## - PUBLICATION, DISTRIBUTION, ETC. | |
| Place of publication, distribution, etc. | New York and London, |
| Name of publisher, distributor, etc. | G.P. Putnam's sons, |
| Date of publication, distribution, etc. | 1916. |
| 300 ## - PHYSICAL DESCRIPTION | |
| Extent | 2 v. in 1. |
| Other physical details | fold. maps. |
| Dimensions | 23 cm. |
| 526 ## - STUDY PROGRAM INFORMATION NOTE | |
| Program name | 0 |
| Interest level | 0 |
| Reading level | 0 |
| Title point value | 940_287000000000000_ROS |
| 650 ## - SUBJECT ADDED ENTRY--TOPICAL TERM | |
| Topical term or geographic name entry element | MCE |
| 9 (RLIN) | 379 |
| 942 ## - ADDED ENTRY ELEMENTS (KOHA) | |
| Source of classification or shelving scheme | |
| Koha item type | Book |
| Withdrawn status | Lost status | Source of classification or shelving scheme | Damaged status | Not for loan | Permanent Location | Current Location | Shelving location | Date acquired | Total Checkouts | Full call number | Barcode | Date last seen | Price effective from | Koha item type |
|---|---|---|---|---|---|---|---|---|---|---|---|---|---|---|
| Military College of Engineering (MCE) | Military College of Engineering (MCE) | 02/10/2015 | 940.287 ROS | MCE-ECD/12 | 02/10/2015 | 02/10/2015 | Book |
